000
00189nam a22000977a 4500
003
SGT
245
_a
Dental Traumatology
260
_a
Black well
_c
2010
300
_a
532,499
942
_2
ddc
_c
BV
999
_c
31266
_d
31266